Genshin Impact 4* Claymores by Picture - Statistics

General Stats
  • This quiz has been taken 14 times
  • The average score is 12 of 21
Answer Stats
Picture Answer % Correct
The Bell
100%
Rainslasher
92%
Sacrificial Greatsword
85%
Serpent Spine
85%
Favonius Greatsword
77%
Mailed Flower
69%
Prototype Archaic
69%
Royal Greatsword
69%
Whiteblind
69%
Blackcliff Slasher
62%
Lithic Blade
62%
Snow-Tombed Starsilver
62%
Forest Regalia
54%
Portable Power Saw
54%
Akuoumaru
46%
Talking Stick
46%
Makhaira Aquamarine
38%
Tidal Shadow
38%
Luxurious Sea-Lord
31%
Ultimate Overlord's Mega Magic Sword
31%
Katsugikiri Nagamasa
0%
No matching quizzes found
Score Distribution
Percent of People with Each Score
Percentile by Number Answered
Your Score History
You have not taken this quiz